[Event "JBLN West 1819"]
[Site "Germany"]
[Date "2019.02.17"]
[Round "5.3"]
[White "Lam, Marvin"]
[Black "Von Estorff, Jacob"]
[Result "0-1"]
[WhiteElo "1635"]
[BlackElo "2021"]
[PlyCount "82"]
[EventDate "2018.09.23"]
[EventType "team-tourn"]
[EventRounds "9"]
[EventCountry "GER"]
[SourceTitle "EXT 2020"]
[Source "ChessBase"]
[SourceDate "2019.10.17"]
[SourceVersion "1"]
[SourceVersionDate "2019.10.17"]
[SourceQuality "1"]
[WhiteTeam "Weisse Dame U20"]
[BlackTeam "Uelzen Post U20"]
[WhiteTeamCountry "GER"]
[BlackTeamCountry "GER"]

1. e4 c5 2. Nf3 Nc6 3. d4 cxd4 4. Nxd4 g6 5. Be3 Bg7 6. Nc3 Nf6 7. Bc4 0-0 8. 0-0 d6 9. Be2 Bd7 10. f4 Qb6 11. Na4 Qa5 12. Nc3 Rac8 13. Nb3 Qd8 14. Bf3 a6 15. Nd5 Nxd5 16. exd5 Na5 17. c3 Nc4 18. Qc1 b5 19. Bd4 b4 20. Bxg7 Kxg7 21. Qd1 Qb6+ 22. Qd4+ Qxd4+ 23. Nxd4 Nxb2 24. cxb4 Rc4 25. Nc6 Bxc6 26. dxc6 Rxb4 27. Rfc1 Rc8 28. Rab1 Nd3 29. Rxb4 Nxb4 30. a3 Nd3 31. Rc4 Nc5 32. Rb4 Kf6 33. g4 e6 34. Rb6 Ke7 35. Be2 Ra8 36. Bf3 d5 37. c7 Rc8 38. Rc6 Nb3 39. Rxa6 Rxc7 40. Ra8 Nd4 41. Bg2 Ne2+ 0-1

[Event "JBLN West 1819"]
[Site "Germany"]
[Date "2018.09.23"]
[Round "1.3"]
[White "Tiedemann, Fin Niklas"]
[Black "Lam, Marvin"]
[Result "1-0"]
[WhiteElo "1949"]
[BlackElo "1635"]
[PlyCount "107"]
[EventDate "2018.09.23"]
[EventType "team-tourn"]
[EventRounds "9"]
[EventCountry "GER"]
[SourceTitle "EXT 2020"]
[Source "ChessBase"]
[SourceDate "2019.10.17"]
[SourceVersion "1"]
[SourceVersionDate "2019.10.17"]
[SourceQuality "1"]
[WhiteTeam "Luebeck SV U20"]
[BlackTeam "Weisse Dame U20"]
[WhiteTeamCountry "GER"]
[BlackTeamCountry "GER"]

1. e4 e5 2. Nf3 Nc6 3. Bc4 Bc5 4. 0-0 Nf6 5. d3 d6 6. c3 h6 7. Re1 0-0 8. a4 a6 9. Nbd2 Ng4 10. Re2 Be6 11. h3 Nf6 12. b4 Ba7 13. Qb3 Qd7 14. a5 Nh5 15. Nf1 Bxh3 16. gxh3 Qxh3 17. N1h2 Ng3 18. Re3 Bxe3 19. Bxe3 Ne2+ 20. Kh1 Nf4 21. Bxf4 exf4 22. d4 Rae8 23. Bd3 Kh8 24. Rg1 Re6 25. Rg4 Rg6 26. Bf1 Qh5 27. Rh4 Rg1+ 28. Kxg1 Qg6+ 29. Rg4 Qxe4 30. Qc4 f5 31. Rg6 Qe8 32. Qe6 Ne7 33. Nh4 Kh7 34. Rg2 Rf6 35. Qc4 g5 36. N4f3 g4 37. Nxg4 fxg4 38. Rxg4 Qh5 39. Bd3+ Kh8 40. Nh2 c6 41. Bc2 f3 42. Qd3 Qf7 43. Qe4 Nd5 44. Bb3 h5 45. Rg5 Nxc3 46. Qh4 Ne2+ 47. Kh1 d5 48. Rxh5+ Kg7 49. Rh7+ Kf8 50. Rxf7+ Rxf7 51. Qh8+ Ke7 52. Qe5+ Kf8 53. Bc2 Rg7 54. Nxf3 1-0

[Event "Hamburg-chA"]
[Site "Hamburg"]
[Date "2017.06.11"]
[Round "7"]
[White "Hauser, Christow"]
[Black "Lam, Marvin"]
[Result "0-1"]
[WhiteElo "1653"]
[BlackElo "1708"]
[PlyCount "50"]
[EventDate "2017.06.03"]
[EventType "swiss"]
[EventRounds "7"]
[EventCountry "GER"]
[SourceTitle "CBM 179 Extra"]
[Source "ChessBase"]
[SourceDate "2017.08.23"]
[SourceVersion "1"]
[SourceVersionDate "2017.08.23"]
[SourceQuality "1"]

1. Nf3 Nf6 2. c4 e6 3. e3 d5 4. a3 c5 5. d4 b6 6. Nc3 Bb7 7. h3 Be7 8. cxd5 Nxd5 9. Be2 cxd4 10. exd4 Nd7 11. Nxd5 Bxd5 12. Be3 0-0 13. 0-0 Nf6 14. Ne5 Ne4 15. Nd3 Bg5 16. Nf4 Bb7 17. Bf3 Qe7 18. Ne2 Rfd8 19. Bxe4 Bxe4 20. Ng3 Bb7 21. Re1 Bf6 22. Qg4 Qd6 23. Rad1 Kh8 24. Ne2 Rac8 25. Nc3 a6 0-1

[Event "Hamburg-chA"]
[Site "Hamburg"]
[Date "2017.06.09"]
[Round "5"]
[White "Quitzau, Lukas"]
[Black "Lam, Marvin"]
[Result "0-1"]
[WhiteElo "1461"]
[BlackElo "1708"]
[PlyCount "76"]
[EventDate "2017.06.03"]
[EventType "swiss"]
[EventRounds "7"]
[EventCountry "GER"]
[SourceTitle "CBM 179 Extra"]
[Source "ChessBase"]
[SourceDate "2017.08.23"]
[SourceVersion "1"]
[SourceVersionDate "2017.08.23"]
[SourceQuality "1"]

1. d4 d5 2. Nf3 e6 3. c4 Be7 4. Nc3 Nf6 5. Bg5 0-0 6. e3 b6 7. cxd5 Nxd5 8. Bxe7 Qxe7 9. Nxd5 exd5 10. Qb3 Be6 11. Bb5 c6 12. Be2 Nd7 13. 0-0 Bg4 14. Rac1 Rac8 15. Ba6 Rc7 16. Ne1 Nf6 17. Nd3 c5 18. Ne5 Bf5 19. Qa3 Ng4 20. Nxg4 Bxg4 21. dxc5 bxc5 22. Qa4 Qg5 23. Rfe1 Bf3 24. Bf1 c4 25. Qa5 Rfc8 26. Qc3 Rc6 27. b3 Bxg2 28. Bxg2 Rg6 29. Kf1 Qxg2+ 30. Ke2 Qxh2 31. Qd4 Qh5+ 32. Kd2 Rf6 33. Re2 Qh2 34. f4 Qh4 35. bxc4 Rfc6 36. Rg2 g6 37. Kd3 Rxc4 38. Rxc4 Rxc4 0-1